Science Quiz

Random Science or Animal Quiz

Click an Armadillo! Quiz Stats

 Plays Quiz not verified by Sporcle

Support Sporcle.
Go Orange.
Score 0/8 Timer 00:30
0 Plays Today
% Correct
Nine-banded armadillo!
94.1%
Brazilian three-banded armadillo!
92.1%
Nine-banded armadillo!
91.2%
Six-banded armadillo!
87.2%
Andean hairy armadillo!
85.3%
Dwarf armadillo!
84.2%
Greater naked-tailed armadillo!
82.6%
Pink fairy armadillo!
58.8%

You're not logged in!

Compare scores with friends on all Sporcle quizzes.
OR
Log In

From the Vault

Bands Within Bands

by Qaqaq

Any quiz with both Queen and Baha Men in it is a winner in our book.
Remove Ads.
Support Sporcle.
Get the best of Sporcle when you Go Orange. This ad-free experience offers more features, more stats, and more fun while also helping to support Sporcle. Thank you for becoming a member.

Show Comments

Extras

Top Quizzes Today


Score Distribution

Your Account Isn't Verified!

In order to create a playlist on Sporcle, you need to verify the email address you used during registration. Go to your Sporcle Settings to finish the process.

Report this User

Report this user for behavior that violates our Community Guidelines.

Details: